000 00370 a2200109 4500
001 ART_41707
005 20260410161805.0
008 260409a
245 1 0 _aTemas urgentes del derecho concursal en el marco de la modernidad líquida
100 1 _aTruffat, Edgardo Daniel
773 0 _tDoctrina Societaria y Concursal
_g- Nº 313 (dic. 2013)
_wREV4298
999 _c20948
_d20948